Vývoj organizačnej štruktúry v SR Príloha Hospodárskych novín
Súčasný vývoj organizačnej štruktúry v hospodárskej sfére SR s dôrazom na zmeny spôsobené transformáciou vlastníckych vzťahov a štruktúrou novovznikajúcich podnikateľských subjektov a živnostníkov.
Salvato in:
| Natura: | Capitolo di libro |
|---|---|
| Lingua: | slovacco |
| Soggetti: | |
| Tags: |
Nessun Tag, puoi essere il primo ad aggiungerne!!
|
MARC
| LEADER | 00000naa a2200000 4500 | ||
|---|---|---|---|
| 001 | r026352 | ||
| 005 | 20230824090230.3 | ||
| 041 | 0 | |a slo | |
| 044 | |a SK | ||
| 245 | 1 | 0 | |a Vývoj organizačnej štruktúry v SR |b Príloha Hospodárskych novín |
| 520 | |a Súčasný vývoj organizačnej štruktúry v hospodárskej sfére SR s dôrazom na zmeny spôsobené transformáciou vlastníckych vzťahov a štruktúrou novovznikajúcich podnikateľských subjektov a živnostníkov. | ||
| 610 | 2 | 0 | |a Slovensko |
| 610 | 2 | 0 | |a 1997 |
| 610 | 2 | 0 | |a organizácie hospodárske |
| 610 | 2 | 0 | |a štruktúra organizačná |
| 610 | 2 | 0 | |a vzťahy vlastnícke |
| 610 | 2 | 0 | |a živnosti |